[Event "Chigorin Memorial 22nd"]
[Site "St Petersburg"]
[Date "2014.10.24"]
[Round "7"]
[White "Skvortsov, Sergey"]
[Black "Dobrovlyanskiy, Dmitriy"]
[Result "0-1"]
[WhiteElo "1934"]
[BlackElo "2117"]
[PlyCount "50"]
[EventDate "2014.10.18"]
[EventType "swiss"]
[EventRounds "9"]
[EventCountry "RUS"]
[SourceTitle "EXT 2015"]
[Source "ChessBase"]
[SourceDate "2014.11.20"]
[SourceVersion "1"]
[SourceVersionDate "2014.11.20"]
[SourceQuality "1"]

1. e4 e6 2. d4 d5 3. Nc3 Bb4 4. a3 Bxc3+ 5. bxc3 dxe4 6. Qg4 Nf6 7. Qxg7 Rg8 8. Qh6 Rg6 9. Qe3 Bd7 10. Ne2 Bc6 11. c4 Ng4 12. Qf4 e5 13. dxe5 Qe7 14. Bb2 Nd7 15. e6 fxe6 16. Qxc7 e5 17. h3 Qh4 18. Ng3 Nxf2 19. Nf5 Qf4 20. Nd6+ Rxd6 21. Qxd6 0-0-0 22. Rg1 Nc5 23. Bxe5 Qe3+ 24. Be2 Rxd6 25. Bxd6 Nfd3+ 0-1

[Event "Chigorin Memorial 22nd"]
[Site "St Petersburg"]
[Date "2014.10.20"]
[Round "3"]
[White "Skvortsov, Sergey"]
[Black "Goryachev, Maksim"]
[Result "1-0"]
[WhiteElo "1934"]
[BlackElo "1693"]
[PlyCount "57"]
[EventDate "2014.10.18"]
[EventType "swiss"]
[EventRounds "9"]
[EventCountry "RUS"]
[SourceTitle "EXT 2015"]
[Source "ChessBase"]
[SourceDate "2014.11.20"]
[SourceVersion "1"]
[SourceVersionDate "2014.11.20"]
[SourceQuality "1"]

1. e4 c5 2. Nf3 Nc6 3. Bb5 g6 4. 0-0 Bg7 5. Re1 Nf6 6. c3 0-0 7. d4 cxd4 8. cxd4 d5 9. e5 Ne4 10. h3 f5 11. Nc3 h6 12. Qe2 g5 13. Nxd5 Be6 14. Bxc6 Bxd5 15. Bxd5+ Qxd5 16. Be3 Rac8 17. Rec1 f4 18. Bd2 h5 19. Bb4 g4 20. hxg4 hxg4 21. Bxe7 Rxc1+ 22. Rxc1 Re8 23. Ng5 Qxd4 24. Nxe4 Qxe5 25. Qc4+ Kh8 26. Ng5 Qxe7 27. Qxf4 Bf6 28. Rc7 Qxc7 29. Qxc7 1-0

[Event "Chigorin Memorial 21st"]
[Site "St Petersburg"]
[Date "2013.10.13"]
[Round "9"]
[White "Shemenko, Georgy"]
[Black "Skvortsov, Sergey"]
[Result "1/2-1/2"]
[WhiteElo "1802"]
[BlackElo "1980"]
[PlyCount "80"]
[EventDate "2013.10.05"]
[EventType "swiss"]
[EventRounds "9"]
[EventCountry "RUS"]
[SourceTitle "CBM 156 Extra"]
[Source "ChessBase"]
[SourceDate "2013.10.22"]
[SourceVersion "1"]
[SourceVersionDate "2013.10.22"]
[SourceQuality "1"]

1. e4 c6 2. d4 d5 3. Nc3 dxe4 4. Nxe4 Bf5 5. Ng3 Bg6 6. h4 h6 7. Nf3 e6 8. h5 Bh7 9. Bd3 Bxd3 10. Qxd3 Nd7 11. Bd2 Ngf6 12. 0-0-0 Be7 13. Ne4 Nxe4 14. Qxe4 Nf6 15. Qe2 Qc7 16. c4 b5 17. Kb1 b4 18. Ne5 Nd7 19. Nd3 a5 20. Qg4 Bf6 21. Bf4 Qb7 22. Ne5 Nb6 23. Rhe1 0-0-0 24. d5 cxd5 25. cxd5 Rxd5 26. Rc1+ Kd8 27. Nc6+ Kd7 28. Ne5+ Kd8 29. Nxf7+ Qxf7 30. Rxe6 Qd7 31. Bc7+ Qxc7 32. Rxc7 Kxc7 33. Rxf6 Rhd8 34. Qxg7+ R8d7 35. Rf7 Rd1+ 36. Kc2 R1d2+ 37. Kb1 Rd1+ 38. Kc2 R1d2+ 39. Kb1 Rd1+ 40. Kc2 R1d2+ 1/2-1/2

[Event "Chigorin Memorial 21st"]
[Site "St Petersburg"]
[Date "2013.10.05"]
[Round "1"]
[White "Mokshanov, Alexey"]
[Black "Skvortsov, Sergey"]
[Result "1-0"]
[WhiteElo "2411"]
[BlackElo "1980"]
[PlyCount "53"]
[EventDate "2013.10.05"]
[EventType "swiss"]
[EventRounds "9"]
[EventCountry "RUS"]
[SourceTitle "CBM 156 Extra"]
[Source "ChessBase"]
[SourceDate "2013.10.22"]
[SourceVersion "1"]
[SourceVersionDate "2013.10.22"]
[SourceQuality "1"]

1. e4 c6 2. d4 d5 3. e5 c5 4. dxc5 e6 5. Be3 Nd7 6. c4 Ne7 7. f4 Nf5 8. Bf2 Qa5+ 9. Qd2 Qxd2+ 10. Nxd2 Bxc5 11. cxd5 exd5 12. Ngf3 Ne3 13. Rc1 Nxf1 14. Bxc5 Nxd2 15. Kxd2 Nxc5 16. Rxc5 Be6 17. Nd4 0-0 18. Rc7 b6 19. f5 Rfc8 20. Rhc1 Rxc7 21. Rxc7 Bc8 22. e6 fxe6 23. fxe6 Kf8 24. Ke3 g6 25. Kf4 Ba6 26. Ke5 Bf1 27. Rf7+ 1-0

[Event "Moscow op-E"]
[Site "Moscow"]
[Date "2011.02.02"]
[Round "5.195"]
[White "Lavrischev, Anatoliy"]
[Black "Skvortsov, Sergey"]
[Result "0-1"]
[WhiteElo "1909"]
[BlackElo "2078"]
[PlyCount "53"]
[EventDate "2011.01.29"]
[EventType "swiss"]
[EventRounds "9"]
[EventCountry "RUS"]
[SourceTitle "EXT 2022"]
[Source "ChessBase"]
[SourceDate "2021.10.06"]
[SourceVersion "1"]
[SourceVersionDate "2021.10.06"]
[SourceQuality "1"]

1. c4 c5 2. Nf3 d5 3. e3 Nf6 4. b3 Bf5 5. Bb2 e6 6. Be2 Bd6 7. 0-0 0-0 8. d4 Nbd7 9. Nbd2 Qe7 10. Nh4 Be4 11. g3 dxc4 12. Nxc4 Bc7 13. f3 Bg6 14. e4 Rfd8 15. Nxg6 hxg6 16. Qc1 Nh5 17. g4 Nf4 18. Qe1 b5 19. Ne5 Nxe5 20. dxe5 Bb6 21. Kh1 Rd7 22. Bc1 g5 23. Bxf4 gxf4 24. Qc1 Rad8 25. Qxf4 Rd2 26. Bd1 R8d3 27. b4 0-1

[Event "Moscow op-E"]
[Site "Moscow"]
[Date "2011.01.30"]
[Round "2.114"]
[White "Solovjev, Nikolay1"]
[Black "Skvortsov, Sergey"]
[Result "1-0"]
[WhiteElo "2307"]
[BlackElo "2078"]
[PlyCount "53"]
[EventDate "2011.01.29"]
[EventType "swiss"]
[EventRounds "9"]
[EventCountry "RUS"]
[SourceTitle "EXT 2022"]
[Source "ChessBase"]
[SourceDate "2021.10.06"]
[SourceVersion "1"]
[SourceVersionDate "2021.10.06"]
[SourceQuality "1"]

1. d4 d5 2. c4 c6 3. Nc3 Nf6 4. cxd5 cxd5 5. Bf4 Nc6 6. e3 a6 7. Bd3 Qb6 8. a3 Bg4 9. f3 Bc8 10. b4 e6 11. g4 Be7 12. Qc2 h6 13. Nge2 g5 14. Bg3 h5 15. gxh5 Nxh5 16. Kf2 f5 17. Bxf5 exf5 18. Nxd5 Qd8 19. Nc7+ Kf8 20. Nxa8 f4 21. d5 fxg3+ 22. hxg3 Ne5 23. Qc7 Kf7 24. Rac1 Kg7 25. Qxd8 Rxd8 26. Rxh5 Kg6 27. Rhh1 1-0